Οικολογική δόμηση : ένας οδηγός για τον βιοκλιματικό σχεδιασμό, τις νέες τεχνολογίες, τα φιλικά προς το περιβάλλον υλικά και τα αποδοτικά συστήματα στον τομέα της κατασκευής των κτιρίων

Αποθηκεύτηκε σε:
Λεπτομέρειες βιβλιογραφικής εγγραφής
Συγγραφή απο Οργανισμό/Αρχή: Διεπιστημονικό Ινστιτούτο Περιβαλλοντικών Ερευνών
Άλλοι συγγραφείς: Ευθυμιόπουλος, Ηλίας (Επιμελητής έκδοσης)
Μορφή: Βιβλίο
Γλώσσα:Greek
Δημοσίευση: Αθήνα : Ελληνικά Γράμματα, Διεπιστημονικό Ινστιτούτο Περιβαλλοντικών Ερευνών (ΔΙΠΕ), 2000
Θέματα:
Ετικέτες: Προσθήκη ετικέτας
Δεν υπάρχουν, Καταχωρήστε ετικέτα πρώτοι!

MARC

LEADER 00000cam a2200000 i 4500
001 1/96917
008 081110s2000 gre d
020 |a 960-393-133-0 
035 |l 10101520 
040 |a GR-MY-UA  |b gre  |e aacr 
041 0 |a gre 
082 0 |a 720.47  |2 (22) 
245 1 0 |a Οικολογική δόμηση :  |b ένας οδηγός για τον βιοκλιματικό σχεδιασμό, τις νέες τεχνολογίες, τα φιλικά προς το περιβάλλον υλικά και τα αποδοτικά συστήματα στον τομέα της κατασκευής των κτιρίων /  |c συντονιστής του έργου: Ηλίας Ευθυμιόπουλος ; Διεπιστημονικό Ινστιτούτο Περιβαλλοντικών Ερευνών (ΔΙΠΕ) ; Υπουργείο Περιβάλλοντος Χωροταξίας και Δημόσιων έργων.Διεύθυνση Οικιστικής Πολιτικής και Κατοικίας 
260 |a Αθήνα :   |b Ελληνικά Γράμματα,   |b Διεπιστημονικό Ινστιτούτο Περιβαλλοντικών Ερευνών (ΔΙΠΕ),   |c 2000 
300 |a 239 σ.;  |b εικ., σχέδια, πίν.;  |c 29 εκ. 
504 |a Βιβλιογραφία: σ. 198-202 
504 |a Ευρετήριο: σ. 204-239 
650 0 0 |a Architecture  |x Environmental aspects. 
650 0 0 |a Dwellings  |x Energy conservation. 
650 0 0 |a Architecture and climate. 
650 0 0 |a Organic architecture. 
700 1 |a Ευθυμιόπουλος, Ηλίας.  |4 edt 
710 2 |a Διεπιστημονικό Ινστιτούτο Περιβαλλοντικών Ερευνών. 
852 |a INST  |b LESVOS  |e 20081110  |h 720.47 ΟΙΚ  |p 005100044283  |q 005100044283  |t BK  |y 0 
901 |a BIBL1-2008-3 
909 |a Λ  |b 142149 
922 |a 1ΕΛΗ  |b 200711  |c ΕΠΕΑΕΚ2/ΤΠ  |d Σ. ΠΑΤΑΚΗΣ 
970 |a ΓΙΑΛΑΜΑ  |b ΜΑΡΙΑ  |z 2008/11/10